| 000 | 01383cam a2200277 4500500 | ||
|---|---|---|---|
| 005 | 20260208004950.0 | ||
| 041 | _afre | ||
| 042 | _adc | ||
| 100 | 1 | 0 |
_aLeblond, Christian _eauthor |
| 245 | 0 | 0 | _aL'économie, grande absente du duel Bush-Gore ? |
| 260 | _c2001. | ||
| 500 | _a42 | ||
| 520 | _aIn the 2000 Gore-Bush standoff, the economy was almost absent as an issue. First are seemingly fortuitous circumstances : the candidates' lackluster personalities, and the timing of the downturn in the context of unprecedented developments in the new economy and the federal budget. More convincingly perhaps, a second series of hypotheses takes into account slowly evolving structural factors, either institutional (FED) or political (split GOP). The lack of economic vision characterizing both candidates may be a good clue about the growing prominence of free-market ideology. | ||
| 690 | _aÉconomie Américaine | ||
| 690 | _aÉlections | ||
| 690 | _aétarisme | ||
| 690 | _aFED | ||
| 690 | _aPolitique fiscale | ||
| 690 | _aElections | ||
| 690 | _aFED | ||
| 690 | _aG. W. Bush | ||
| 690 | _aMonetary Politics | ||
| 690 | _aUS Economy | ||
| 786 | 0 | _nRevue française d’études américaines | 90 | 4 | 2001-10-01 | p. 30-43 | 0397-7870 | |
| 856 | 4 | 1 | _uhttps://shs.cairn.info/revue-francaise-d-etudes-americaines-2001-4-page-30?lang=fr&redirect-ssocas=7080 |
| 999 |
_c1649956 _d1649956 |
||